| 000 | 00426nam a2200133Ia 4500 | ||
|---|---|---|---|
| 008 | 231017s9999 xx 000 0 und d | ||
| 082 | _a625.85 | ||
| 082 | _bBER | ||
| 245 | 0 | _aFull depth cold in-place recycling/stabilization for low volume road strengthening: a case study on HWY 19-06 | |
| 245 | 0 | _cTransportation association of Canada | |
| 260 | _bTransportation association of Canada | ||
| 300 | _c30cm | ||
| 942 | _cREP | ||
| 999 |
_c606183 _d606183 |
||